Urlaubsländer - Religion - Statistiken

Allgemein
  • Dieses Quiz wurde 52 mal gespielt
    51 seit der letzten Aktualisierung
  • Das Durchschnittsergebnis liegt bei 7 aus 12
Antwortstatistiken
Hint Antwort % Korrekt
Urlaubsland Kroatien: Kroaten sind mehrheitlich katholisch. Es gab immer wieder Rivalitäten bis hin zum Krieg mit Serbien. Serben sind mehrheitlich … orthodox
91%
Urlaubsland Türkei: Früher hieß Istanbul nach dem Kaiser, der als erster das Christentum anerkannte, ... Konstantinopel
88%
Urlaubsland Thailand: Welche Religion wird mehrheitlich praktiziert? Buddhismus
79%
Urlaubsland USA: Welche Religionsgemeinschaft gründete Salt Lake City? Mormonen
79%
Urlaubsland Griechenland: Wo war das Orakel des Apollo? Delphi
74%
Urlaubsland Italien: Wer ist der Schutzpatron von Venedig? Markus
58%
Urlaubsland Türkei: Wessen Fahrt endete am Berg Ararat? Noah
58%
Urlaubsland Spanien: Welcher Heilige wird in Santiago de Compostela verehrt? Jakobus
51%
Urlaubsland Ägypten: Wie heißt das Fest des Auszugs der Israeliten aus Ägypten? Pessach
51%
Urlaubsland Ungarn: Wie heißt der heilige König Ungarns? Stephan
40%
Urlaubsland Irland: Saint Patricks vertrieb das Böse – verdeutlicht durch welches Tier? Schlange
35%
Urlaubsland Österreich: Mariazell: Wie heißt die „Große Mutter Österreichs“ auf Latein? Magna Mater Austriae
16%
Keine übereinstimmenden Quizze gefunden
Verteilung der Resultate
Anzahl Personen mit jedem Resultat
Perzentil nach korrekt beantworteten Fragen
Ihre Resultats-Entwicklung
Sie haben dieses Quiz seit der letzten Aktualisierung nicht gespielt